[Event "RUS-Cup02"]
[Site "Moscow"]
[Date "1998.??.??"]
[Round "1"]
[White "Petrunia, Eduard"]
[Black "Guliev, Sarhan"]
[Result "0-1"]
[WhiteElo "2190"]
[BlackElo "2445"]
[PlyCount "64"]
[EventDate "1998.01.21"]
[EventType "swiss"]
[EventRounds "9"]
[EventCountry "RUS"]
[SourceTitle "EXT 1999"]
[Source "ChessBase"]
[SourceDate "1998.11.16"]
[SourceVersion "1"]
[SourceVersionDate "1998.11.16"]
[SourceQuality "1"]

1. g3 d5 2. Bg2 e5 3. d3 Nf6 4. Nf3 Nc6 5. 0-0 Be7 6. c4 d4 7. b4 e4 8. dxe4 Bxb4 9. e5 Ne4 10. Bb2 Bc5 11. Qd3 f5 12. exf6 Nxf6 13. Nbd2 Nb4 14. Qb1 d3 15. Bxf6 gxf6 16. a3 dxe2 17. Re1 Bxf2+ 18. Kxf2 Nd3+ 19. Kg1 Nxe1 20. Qb5+ Kf7 21. Rxe1 Re8 22. Qd5+ Qxd5 23. cxd5 Re3 24. Kf2 Rxa3 25. Rc1 c6 26. dxc6 bxc6 27. Nd4 Bg4 28. h3 Rd8 29. N2b3 Rxb3 30. hxg4 Rxd4 31. Kxe2 Rxg4 32. Bxc6 Rbxg3 0-1